Online
Catalog

Los orígenes de la civilización. (Record no. 34684)

MARC details
000 -CABECERA
campo de control de longitud fija 00753nam a2200229 a 4500
001 - NÚMERO DE CONTROL
campo de control 000035193
005 - FECHA Y HORA DE LA ÚLTIMA TRANSACCIÓN
campo de control 20250730105807.0
008 - DATOS DE LONGITUD FIJA--INFORMACIÓN GENERAL
campo de control de longitud fija 111025s1954 mx 000 0 spa d
082 ## - NÚMERO DE LA CLASIFICACIÓN DECIMAL DEWEY
Número de clasificación 930
Número de documento/Ítem C536m
040 ## - FUENTE DE LA CATALOGACIÓN
Centro catalogador/agencia de origen DO-SdBNP
100 1# - ENTRADA PRINCIPAL--NOMBRE DE PERSONA
Nombre de persona Childe, V. Gordon
Fechas asociadas al nombre 1892-1957
9 (RLIN) 60925
240 10 - TÍTULO UNIFORME
Título uniforme Man makes himself
Lenguaje de la obra español
245 14 - MENCIÓN DE TÍTULO
Título Los orígenes de la civilización.
260 ## - PUBLICACIÓN, DISTRIBUCIÓN, ETC.
Lugar de publicación, distribución, etc. México :
Nombre del editor, distribuidor, etc. Fondo de Cultura Económica,
Fecha de publicación, distribución, etc. 1954.
490 1# - MENCIÓN DE SERIE
Mención de serie Breviarios del Fondo de Cultura ;
Designación de volumen o secuencia 92
504 ## - NOTA DE BIBLIOGRAFÍA, ETC.
Nota de bibliografía, etc. Incluye notas al pie de las páginas
650 #4 - PUNTO DE ACCESO ADICIONAL DE MATERIA--TÉRMINO DE MATERIA
Término de materia o nombre geográfico como elemento de entrada Civilización antigua
9 (RLIN) 18157
650 #4 - PUNTO DE ACCESO ADICIONAL DE MATERIA--TÉRMINO DE MATERIA
Término de materia o nombre geográfico como elemento de entrada Prehistoria
9 (RLIN) 27509
650 #0 - PUNTO DE ACCESO ADICIONAL DE MATERIA--TÉRMINO DE MATERIA
Término de materia o nombre geográfico como elemento de entrada Arqueología
9 (RLIN) 3985
830 #0 - PUNTO DE ACCESO ADICIONAL DE SERIE-TÍTULO UNIFORME
Título uniforme Breviarios del Fondo de Cultura ;
Designación de volumen o secuencia 92
9 (RLIN) 60926
910 ## - DATOS DE OPCIÓN DEL USUARIO (OCLC)
Datos de opción del usuario Validado. Control de calidad MFF
Holdings
Estado de retiro Estado de pérdida Restricciones de uso No para préstamo Código de colección Localización permanente Ubicación/localización actual Ubicación en estantería Fecha de adquisición Número de inventario Total de préstamos Signatura topográfica completa Código de barras Fecha visto por última vez Precio válido a partir de Tipo de ítem Koha
    Préstamo interno   Monografías: Libros y Folletos General General Depósito 25.10.2011 LF1   930 C536m 35193-10 25.06.2020 25.06.2020 Préstamo interno

Powered by Koha